1714 1559 1200 1935 1833 1343 1600 1031 1534 1342 1421 1220 1270 1659 1655 1049 1296 1872 1808 1885 1271 1540 1364 1710 1534 1321 1102 1265 1274 1143 1364 1298 1801 1157 1977 1249 1269 1117 1360 1530 1879 1849 1393 1354 1038 1596 1690 1063 1063 1099 1261 1287 1137 1163 1232 1391 1545 1092 1355 1606 1944 1796 1096 1124 1078 1200 1573 1871 1893 1207 1728 1236 1839 1211 1775 1586 1020 1351 1240 1276 1699 1659 1965 1982 1563 1983 1788 1564 1547 1820 1593 1039 1788 1730 1865 1346 1483 1836 1534 BCNSPRNW ULIB Ver.6.0+V

เปลี่ยนเป็นภาษาไทย

Change to English
 แสดงรายละเอียดบรรณานุกรม
  กลับหน้าหลัก

Brief Record : Get Marc (ISO 2709) : E-mail record : QR code < ปิดหน้าต่าง
LEADER : 00000nas 2200000uu 4500
001    13399113769
003     ULIB
008    111227s||||||||th 000 0 tha d
022    ^a08588082
100    ^aพนิดา ชอบวณชชา
110    ^aศรีสยามการพิมพ์
245    ^aขวัญเรือน
260    ^aกรุงเทพฯ :^bศรีสยามการพิมพ์,^cม.ป.ป.
300    ^a320 หน้า
310    ^aรายปักษ์
850 ^a ULIB:campus^b
945    ^p60^l0^i800009
945    ^p60^l0^i800048
945    ^p60^l0^i800014
945    ^p60^l0^i800049
945    ^p60^l0^i800050
945    ^p60^l0^i800073
945    ^p60^l0^i800085
945    ^p60^l0^i800089
945    ^p60^l0^i800100
945    ^p60^l0^i800117
945    ^p60^l0^i800130
945    ^p60^l0^i800147
945    ^p60^l0^i800159
945    ^p60^l0^i800164
945    ^p60^l0^i800181
999 ^a ใช้งานได้ทุกระบบ
รายการนี้ยังไม่มีแท็ก
คุณยังไม่ได้ล็อกอิน คุณสามารถมีกิจกรรมร่วมกับเว็บไซต์ได้ แต่ต้องล็อกอินก่อน ::
  ล็อกอิน

รายการสื่อสารสนเทศ (วารสาร)

ดูแบบ: กล่อง รายการ
ARRIVED
no call number
สถานที่: ห้องสมุดวิทยาเขตสวรรค์ประชารักษ์ >วารสารห้องสมุดวิทยาเขตสวรรค์ประชารักษ์ >หนังสือทั่วไป
รายการใกล้เคียง
    ชื่อเรื่อง [ขวัญเรือน]

    ผู้แต่ง [พนิดา ชอบวณชชา]

BibComment


ยังไม่เคยถูกคอมเมนท์

คอมเมนท์ทรัพยากรรายการนี้
  คอมเมนท์: ขวัญเรือน


 Copyright 2026. Bcnsprnw @Library